000 00417nam a22001457a 4500
020 _a978-1-4075-2508-2
082 _a823
_bGRA/H
100 _aDISNEY
245 _aHIGH SCHOOL MUSICAL
_bRINGIN' IT IN
260 _aUNITED KINGDOM
_bPARRAGON
_c2009
300 _a124
520 _aCAN ALL THE WILDCATS COME TOGETHER TO MAKE IT THE BEST NEW YEAR'S EVER?
650 _aSTORIES FROM EAST HIGH 9
_zUNITED KINGDOM
942 _cBK
999 _c431
_d431